01474nam a2200253 a 4500008004100000050002200041100001700063245002400080246003000104260003900134300002900173350000900202490004600211650001400257650002800271700002100299995016900320995015400489995015500643999001700798952013500815952013500950952013501085060906s2006 ||||||||||||||||| || u aIBRD(08)PRWP/3753 a[and others]10aHow banks go abroad abranches or subsidiaries? aWashington, D. CbWorld Bankc2006 a24 pages : illustrations a0.00 aWorld Bank policy research working papers 0aECONOMICS aFOREIGN BANKS--RESEARCH aCerutti, Eugenio aSPECIAL COLLECTIONSD0.00eIBRD(08)PRWP/3753FCBU-MAIN LIBRARY (Kitwe)H1I0.00jIBRD(08)PRWP/3753M1UAVAILABLEWSep 6, 2006yZ03001110ZInternational Publications aSPECIAL COLLECTIONSD0.00ebFCBU-MAIN LIBRARY (Kitwe)H1I0.00jIBRD(08)PRWP/3753M2UAVAILABLEWSep 21, 2006yZ03001129ZInternational Publications aSPECIAL COLLECTIONSD0.00e3CFCBU-MAIN LIBRARY (Kitwe)H1I0.00jIBRD(08)PRWP/3753M1UAVAILABLEWNov 13, 2006yZ03001371ZInternational Publications c76353d76353 00102lcc4070a001b001cInternational Publicationsd2023-04-25l0oIBRD(08)PRWP/3753pZ03001110r2023-04-25t1w2023-04-25y023 00102lcc4070a001b001cInternational Publicationsd2023-04-25l0oIBRD(08)PRWP/3753pZ03001129r2023-04-25t2w2023-04-25y023 00102lcc4070a001b001cInternational Publicationsd2023-04-25l0oIBRD(08)PRWP/3753pZ03001371r2023-04-25t3w2023-04-25y023